000 02046nam a2200565 i 4500
001 54628
003 KOSZ 005
005 20230110112706.0
008 071207s2007 pl a f f |001 0 pol
015 _aUWD 2007/26879
020 _a9788320035070
035 _a991038116549705066
035 _a(PL-WaBN)b20210589-48omnis_nlop
035 _ab20210589
035 _a(OCoLC)749827250
035 _azz2007813387
035 _a(PL)b0000002021058
035 _a(EXLNZ-48OMNIS_NETWORK)9910256371205606
040 _aWA N
_cWA N
_dKR U
_dKOSZ 005/HR
041 1 _apol
_heng
046 _k2007
080 _a613.2
080 _a615.874
080 _a(07)
245 0 0 _aPodstawy żywienia klinicznego /
_cred. nauk. Luboš Sobotka ; współred. Simon P. Allison [et al.] ; red. nauk. wyd. pol. Teresa Korta, Małgorzata Łyszkowska ; [aut. Simon P. Allison et al. ; tł. Monika Brzezińska et al.].
246 1 _iTyt. oryg.:
_aBasics in clinical nutrition
260 _aWarszawa :
_bWydawnictwo Lekarskie PZWL,
_c2007.
300 _aXXIV, 494 s. :
_bil. ;
_c24 cm.
336 _aTekst
_btxt
_2rdacontent
337 _aBez urządzenia pośredniczącego
_bn
_2rdamedia
338 _aWolumin
_bnc
_2rdacarrier
380 _aKsiążki
388 _a2001-
504 _aBibliogr. przy rozdz. Indeks.
650 7 _aDietetyka
_2DBN
650 7 _aLeczenie żywieniowe
650 7 _aZdrowe odżywianie
_2DBN
650 7 _aŻywienie sztuczne
655 7 _aPodręcznik
_2DBN
658 _aMedycyna i zdrowie
700 1 _aAllison, Simon P.
_eRedakcja
700 1 _aBrzezińska, Monika
_c(chirurg)
_eTłumaczenie
700 1 _aKorta, Teresa
_eRedakcja
700 1 _aŁyszkowska, Małgorzata
_eRedakcja
700 1 _aSobotka, Luboš
_eRedakcja
710 2 _aWydawnictwo Lekarskie PZWL
_4pbl
856 _uhttp://koha.tu.koszalin.pl/cgi-bin/koha/opac-detail.pl?biblionumber=54628
_yKatalog online BPK
942 _2UKD
_cKS
999 _c54628
_d54628